LEADER 01362naa a2200229 u 4500 001 000000099889 003 CaOOAMICUS 005 20070226130200.0 008 051013s1981 it u000 u ita u 035 $a11063605 040 $aIAR$bita 100 1 $aDe Pascale, Carla,$d1949-$0(OLS)http://pul/name/62391 245 10$aTrasformazione sociale e restaurazione in Germania :$bLa >ständische Gesellschaft< nel Romanicismo politico /$cCarla De Pascale. 260 $aBologna :$bIl Mulino,$c1981. 300 $aS. 153-208 ;$c24 cm 650 4$aRomanticismo (Filosofia)$zGermania.$0(OLS)http://pul/subject/32071 730 0 $aAnnali dell'Istituto storico italo-germanico in Trento = Jahrbuch des Italienisch-Deutschen Historischen Instituts in Trient$g[Spogli].$0(OLS)http://pul/title/8676 773 0 $aJahrbuch des italienisch-deutschen historischen Instituts in Trient.$g5 (1979) 773 0 $aAnnali dell'Istituto storico italo.germanico in Trento.$g5 (1979) 773 0 $aIstituto storico italo-germanico.$tAnnali dell'Istituto storico italo-germanico in Trento = Jahrbuch des Italienisch-Deutschen Historischen Instituts in Trient$w()5918 996 $6245$aTrasformazione sociale e restaurazione in Germania :$bLa >ständische Gesellschaft< nel Romanicismo politico$9(OLS)http://pul/title/126768 996 $6260$aBologna :$bIl Mulino$9(OLS)http://pul/publisher/47928 LEADER 01429nam a2200337 u 4500 001 000000073518 003 CaOOAMICUS 005 20070226122347.0 008 020710s1996 nyu u000 u eng u 020 $a0385083963 035 $a10936264 040 $aPUL$bita 041 1 $aeng$hheb 130 0 $aBiblia.$pV.T.$pAbdias.$0(OLS)http://pul/title/96582 245 10$aObadiah :$ba New Translation with Introduction and Commentary /$cPaul R. Raabe. 260 $aNew York :$bDoubleday,$c1996. 300 $axvi, 310 p. ;$c25 cm 490 1 $aThe Anchor Bible ;$v24D. 500 $aComprende indici. 630 04$aBiblia.$pV.T.$pAbdias$xCommenti.$0(OLS)http://pul/subject/631 700 1 $aRaabe Paul R.$0(OLS)http://pul/name/48673 830 4$aThe Anchor Bible ;$v24D.$0(OLS)http://pul/title/18634 850 $aPUL 852 $aPUL$W1$xSL Religione 1$y3$m1(6) G 25$j94984$nBK-PRI$b $qStampati$B94984$CPULBib$Z2$F94984 $H $81 852 $aPUL$W1$xSL Religione 1$y3$m1(6) G 24D$j94985$nBK-PRI$b $qStampati$B94985$CPULBib$Z2$F94985 $H $81 941 1 $a8 961 $aINV: 87543 961 $aINV: 87551 996 $6020$a0385083963$9(OLS)http://pul/number/94869 996 $6245$aObadiah :$ba New Translation with Introduction and Commentary$9(OLS)http://pul/title/96583 996 $6260$aNew York :$bDoubleday$9(OLS)http://pul/publisher/53872 LEADER 01477nam a2200325 a 4500 001 000000133371 003 CaOOAMICUS 005 20130404124056.0 008 130404s2012 it u000 u ita r 020 $a978-88-63-62071-9 040 $aPUL$bita 082 04$a321.8 245 00$aDemocrazia, verità, pluralismo /$cFrancisco De Macedo ; Michele Schiff (Edd.) . 260 $aNapoli :$bChirico,$c2012. 300 $a156 p. ;$c22 cm. 504 $aBibliografia in nota. 650 4$aDemocrazia.$0(OLS)http://pul/subject/11947 700 1 $aDe Macedo, Francisco.$0(OLS)http://pul/name/69357 700 1 $aSchiff, Michele.$0(OLS)http://pul/name/85933 700 1 $aMolinaro, Aniceto,$csac.,$d1936-2011.$0(OLS)http://pul/name/621 710 2 $aUniversità degli studi Roma Tre.$pFacoltà di Scienze della Formazione.$0(OLS)http://pul/name/85935 711 2 $aConvegno nazionale dell'Associazione dei docenti italiani di filosofia$n (23 :$d2011 :$cRoma).$0(OLS)http://pul/name/85934 850 $aPUL 852 $aPUL$W1$xSL Diritto e Scienze Sociali 3$y79$m321. 8 DEMFR 1$j153285$qDDC 21$B152842$CPULBib$Z2$F152842 $H122061 $82 941 1 $a9 996 $6020$a978-88-63-62071-9$9(OLS)http://pul/number/152269 996 $6082$a321.8$9(OLS)http://pul/classification/710 996 $6245$aDemocrazia, verità, pluralismo$9(OLS)http://pul/title/168544 996 $6260$aNapoli :$bChirico$9(OLS)http://pul/publisher/79231